500 najvýznamnejších firiem Európy

Prehľad najvýznamnejších firiem Európy podľa trhovej kapitalizácie v r. 2004. Porovnanie s rokom 2003. Druhá časť.

Gespeichert in:
Bibliographische Detailangaben
Format: Buchkapitel
Sprache:Slowakisch
Schlagworte:
Tags: Tag hinzufügen
Keine Tags, Fügen Sie das erste Tag hinzu!

MARC

LEADER 00000naa$a2200000$$$4500
001 0023884
005 20230926070640.5
041 0 |a slo 
044 |a SK 
245 1 0 |a 500 najvýznamnejších firiem Európy 
520 |a Prehľad najvýznamnejších firiem Európy podľa trhovej kapitalizácie v r. 2004. Porovnanie s rokom 2003. Druhá časť. 
610 2 0 |a trh kapitálový 
610 2 0 |a trh finančný 
610 2 0 |a krajiny vyspelé 
610 2 0 |a firmy 
610 2 0 |a odvetvia činnosti ekonomickej 
610 2 0 |a Európa 
610 2 0 |a porovnanie štatistické medzinárodné